[Event "Brasilia Inconfidencia Cup"]
[Site "Brasilia"]
[Date "2015.04.19"]
[Round "5"]
[White "Venancio, Lucas Vaquero"]
[Black "Rodrigues, Joao Batista"]
[Result "0-1"]
[WhiteElo "1800"]
[BlackElo "1759"]
[PlyCount "52"]
[EventDate "2015.04.17"]
[EventType "swiss"]
[EventRounds "6"]
[EventCountry "BRA"]
[SourceTitle "CBM 166 Extra"]
[Source "ChessBase"]
[SourceDate "2015.06.18"]
[SourceVersion "1"]
[SourceVersionDate "2015.06.18"]
[SourceQuality "1"]

1. e4 g6 2. g3 Bg7 3. Nf3 Nc6 4. Bg2 d6 5. 0-0 Bg4 6. c3 Nf6 7. Re1 0-0 8. d4 e6 9. Bg5 h6 10. Be3 Nxe4 11. h3 Bxf3 12. Bxf3 d5 13. Nd2 Nd6 14. h4 Nf5 15. Bf4 g5 16. Be5 Nxe5 17. dxe5 gxh4 18. gxh4 Qxh4 19. b3 Qf4 20. c4 Bxe5 21. Rc1 Kh8 22. Kf1 Rg8 23. cxd5 Nd4 24. Re4 Qh2 25. Rg4 Rxg4 26. Bxg4 Qh1# 0-1

[Event "Brasilia Inconfidencia Cup"]
[Site "Brasilia"]
[Date "2015.04.18"]
[Round "3"]
[White "Venancio, Lucas Vaquero"]
[Black "Felix, Luiza de Oliveira"]
[Result "1-0"]
[WhiteElo "1800"]
[BlackElo "1464"]
[PlyCount "59"]
[EventDate "2015.04.17"]
[EventType "swiss"]
[EventRounds "6"]
[EventCountry "BRA"]
[SourceTitle "CBM 166 Extra"]
[Source "ChessBase"]
[SourceDate "2015.06.18"]
[SourceVersion "1"]
[SourceVersionDate "2015.06.18"]
[SourceQuality "1"]

1. e4 c5 2. g3 d6 3. Bg2 Nf6 4. Nc3 e6 5. Nge2 Be7 6. 0-0 0-0 7. d3 Nbd7 8. a3 Qc7 9. b4 cxb4 10. axb4 d5 11. exd5 Bxb4 12. Bb2 Nxd5 13. Nxd5 exd5 14. Bxd5 Nb6 15. Nf4 Nxd5 16. Nxd5 Qd6 17. Qh5 f5 18. Ra4 Qxd5 19. Rxb4 Be6 20. Re1 Rac8 21. c4 Qa5 22. Qg5 Rc7 23. Bc3 Qa3 24. Rc1 Rd8 25. Qxd8+ Kf7 26. Qxc7+ Ke8 27. Rxb7 Qxc1+ 28. Kg2 Qa3 29. Rb8+ Bc8 30. Rxc8# 1-0

[Event "Brasilia Inconfidencia Cup"]
[Site "Brasilia"]
[Date "2015.04.17"]
[Round "1"]
[White "Venancio, Lucas Vaquero"]
[Black "Moraes Silva, Carlos Alessandro"]
[Result "0-1"]
[WhiteElo "1800"]
[BlackElo "1793"]
[PlyCount "42"]
[EventDate "2015.04.17"]
[EventType "swiss"]
[EventRounds "6"]
[EventCountry "BRA"]
[SourceTitle "CBM 166 Extra"]
[Source "ChessBase"]
[SourceDate "2015.06.18"]
[SourceVersion "1"]
[SourceVersionDate "2015.06.18"]
[SourceQuality "1"]

1. e4 e5 2. g3 Nf6 3. d3 d5 4. Bg2 dxe4 5. Bxe4 Nxe4 6. dxe4 Qxd1+ 7. Kxd1 Bc5 8. Nf3 Bg4 9. Ke2 f5 10. h3 fxe4 11. hxg4 exf3+ 12. Kxf3 0-0+ 13. Kg2 Rxf2+ 14. Kh3 Nc6 15. Bg5 e4 16. Nc3 Re8 17. Rhe1 e3 18. Rad1 Re6 19. Nd5 e2 20. Rd2 Nd4 21. Kh4 Rh2# 0-1